000 00339 a2200157 4500
001 72995
020 _a
040 _cAnchieta - Colégio São Paulo
100 _aAzevedo, Álvares de
240 1 0 _aNoite na taverna
_lpor
245 1 0 _aNoite na taverna
300 _a112
362 0 _a0
650 4 _aFicção brasileira
942 _cBK
999 _c72995
_d72995